| 000 | 00657nam a2200205 i 4500 | ||
|---|---|---|---|
| 001 | 141932 | ||
| 003 | ES-MaACL | ||
| 005 | 20230906200413.0 | ||
| 007 | t| | ||
| 008 | 071001s1953 sp a |||| | spa d | ||
| 080 | _a745/749(460) | ||
| 100 | 1 |
_aViolant i Simorra, Ramon. _9115413 |
|
| 245 | 1 | 3 |
_aEl arte popular español a través del Museo de Industrias y Artes Populares / _cRamón Violant Simorra. |
| 250 | _a1ª ed. | ||
| 260 |
_aBarcelona : _bAymá, _c1953. |
||
| 300 |
_a149 p. : _bil. ; _c23 cm. |
||
| 610 | 2 | 4 |
_aMuseo de Industrias y Artes Populares (Barcelona) _9151273 |
| 650 | 1 | 4 |
_aArtesanía- _zEspaña. _910346 |
| 852 |
_aES-MaACL _jC-6406 |
||
| 999 |
_c141932 _d141932 |
||